[Event "BIH-chT 21st"]
[Site "Sarajevo"]
[Date "2023.11.01"]
[Round "2.6"]
[White "Muratovic, Enver"]
[Black "Lazic, Emanuel"]
[Result "1/2-1/2"]
[WhiteElo "2254"]
[BlackElo "2277"]
[PlyCount "48"]
[EventDate "2023.10.31"]
[EventType "team-tourn"]
[EventRounds "9"]
[EventCountry "BIH"]
[SourceTitle "Mega2024 Update 01"]
[Source "Chessbase"]
[SourceDate "2023.11.12"]
[SourceVersion "1"]
[SourceVersionDate "2023.11.12"]
[SourceQuality "1"]
[WhiteTeam "Zenica Napredak"]
[BlackTeam "Busovaca Hrasno"]
[WhiteTeamCountry "BIH"]
[BlackTeamCountry "BIH"]

1. e4 c5 2. Nf3 d6 3. Bb5+ Bd7 4. c4 Nf6 5. Nc3 a6 6. Bxd7+ Nbxd7 7. 0-0 e6 8. b3 Ne5 9. d3 Be7 10. Bb2 0-0 11. h3 Qd7 12. Nh2 Nc6 13. f4 d5 14. e5 Ne8 15. cxd5 exd5 16. Qf3 Rd8 17. Rae1 Nd4 18. Qf2 f6 19. e6 Nxe6 20. Qe2 Kf7 21. Qh5+ Kg8 22. Qe2 Kf7 23. Qh5+ Kg8 24. Qe2 Kf7 1/2-1/2

[Event "Gradiste op 3rd"]
[Site "Gradiste"]
[Date "2023.08.12"]
[Round "9"]
[White "Lazic, Emanuel"]
[Black "Mikic, Ivana"]
[Result "1-0"]
[WhiteElo "1998"]
[BlackElo "1827"]
[PlyCount "83"]
[EventDate "2023.08.06"]
[EventType "swiss"]
[EventRounds "9"]
[EventCountry "CRO"]
[SourceTitle "EXT 2024"]
[Source "ChessBase"]
[SourceDate "2023.10.10"]
[SourceVersion "1"]
[SourceVersionDate "2023.10.10"]
[SourceQuality "1"]

1. e4 e5 2. Nf3 Nc6 3. Bc4 Bc5 4. Nc3 Nf6 5. d3 d6 6. Bg5 h6 7. Bxf6 Qxf6 8. Nd5 Qd8 9. c3 Ne7 10. Nxe7 Qxe7 11. h3 0-0 12. Qe2 Re8 13. 0-0-0 Be6 14. Kb1 c6 15. Bxe6 Qxe6 16. g4 b5 17. Rdg1 g6 18. Rf1 d5 19. Nd2 Bd6 20. f3 a5 21. d4 exd4 22. cxd4 Bf4 23. Nb3 a4 24. Nc5 Qe7 25. Nd3 Bc7 26. e5 a3 27. b3 f6 28. f4 fxe5 29. fxe5 c5 30. dxc5 Bxe5 31. Qxe5 Qxe5 32. Nxe5 Rxe5 33. Re1 Rxe1+ 34. Rxe1 Kf7 35. Kc2 g5 36. Kd3 h5 37. Kd4 hxg4 38. hxg4 Kf6 39. c6 Rc8 40. Kxd5 b4 41. Kc5 Kf7 42. Kb6 1-0

[Event "EU-ch 23rd"]
[Site "Vrnjacka Banja"]
[Date "2023.03.08"]
[Round "6"]
[White "Savicevic, Vlatko"]
[Black "Lazic, Emanuel"]
[Result "1-0"]
[WhiteElo "2268"]
[BlackElo "2041"]
[PlyCount "61"]
[EventDate "2023.03.03"]
[EventType "swiss"]
[EventRounds "11"]
[EventCountry "SRB"]
[SourceTitle "CBM 213"]
[Source "ChessBase"]
[SourceDate "2023.04.30"]
[SourceVersion "1"]
[SourceVersionDate "2023.04.30"]
[SourceQuality "1"]

1. e4 c5 2. Nf3 d6 3. Nc3 Nf6 4. d4 cxd4 5. Nxd4 Nc6 6. Bg5 e6 7. Qd2 a6 8. 0-0-0 Bd7 9. f4 Be7 10. Nf3 b5 11. Bd3 b4 12. Ne2 Qb6 13. e5 Nd5 14. exd6 Bxg5 15. Nxg5 Ne3 16. Rde1 h6 17. Nf3 Nd5 18. Bc4 Nf6 19. Ng3 Na5 20. Ne5 0-0 21. Ne4 Nxe4 22. Rxe4 Bc6 23. Rd4 Rad8 24. Rd1 Nb7 25. g4 Qc5 26. h4 a5 27. g5 hxg5 28. hxg5 Rfe8 29. d7 Re7 30. Qh2 f6 31. g6 1-0

[Event "EU-ch 23rd"]
[Site "Vrnjacka Banja"]
[Date "2023.03.03"]
[Round "1"]
[White "Lazic, Emanuel"]
[Black "Wachinger, Nikolas"]
[Result "1/2-1/2"]
[WhiteElo "2041"]
[BlackElo "2440"]
[PlyCount "87"]
[EventDate "2023.03.03"]
[EventType "swiss"]
[EventRounds "11"]
[EventCountry "SRB"]
[SourceTitle "CBM 213"]
[Source "ChessBase"]
[SourceDate "2023.04.30"]
[SourceVersion "1"]
[SourceVersionDate "2023.04.30"]
[SourceQuality "1"]

1. e4 c5 2. Nf3 d6 3. d4 cxd4 4. Nxd4 Nf6 5. Nc3 a6 6. f3 e5 7. Nb3 Be6 8. Be3 h5 9. Qd2 Nbd7 10. Nd5 Bxd5 11. exd5 g6 12. Na5 Qc7 13. c4 Ng8 14. b4 Bh6 15. Bxh6 Nxh6 16. Bd3 Ng8 17. 0-0 Ne7 18. Kh1 Rb8 19. Rfd1 b6 20. Nb3 0-0 21. Rac1 a5 22. Qg5 Rfe8 23. bxa5 bxa5 24. c5 a4 25. cxd6 Qxd6 26. Na5 Nb6 27. Nc6 Rbc8 28. Nxe7+ Rxe7 29. Rxc8+ Nxc8 30. Bb5 Ra7 31. Qe3 Ra5 32. Qc3 Rxb5 33. Qxc8+ Kg7 34. Qc4 Rb4 35. Qe2 a3 36. h3 Rb2 37. Qc4 Qb6 38. Qc3 Qf2 39. Qxe5+ Kh7 40. Rg1 Rxa2 41. Qe7 Kg7 42. Qe5+ Kh7 43. Qe7 Kg7 44. Qe5+ 1/2-1/2

[Event "EU-ch U14 30th"]
[Site "Antalya"]
[Date "2022.11.08"]
[Round "3"]
[White "Lazic, Emanuel"]
[Black "Uritsky, Yonathan"]
[Result "1-0"]
[WhiteElo "1936"]
[BlackElo "2216"]
[PlyCount "49"]
[EventDate "2022.11.06"]
[EventType "swiss"]
[EventRounds "9"]
[EventCountry "TUR"]
[SourceTitle "EXT 2024"]
[Source "ChessBase"]
[SourceDate "2023.10.10"]
[SourceVersion "1"]
[SourceVersionDate "2023.10.10"]
[SourceQuality "1"]

1. e4 c5 2. Nf3 Nc6 3. d4 cxd4 4. Nxd4 Nf6 5. Nc3 e5 6. Ndb5 d6 7. Bg5 a6 8. Na3 b5 9. Nd5 Be7 10. Bxf6 Bxf6 11. c3 0-0 12. Nc2 Bg5 13. a4 bxa4 14. Rxa4 a5 15. Bc4 Rb8 16. b3 Kh8 17. Nce3 f5 18. exf5 Bxf5 19. Nxf5 Rxf5 20. h4 Be7 21. Bd3 Rf7 22. Qh5 Qg8 23. Bc4 Qf8 24. Ne3 Rf6 25. Nd5 1-0

[Event "Wch U14"]
[Site "Mamaia"]
[Date "2022.09.07"]
[Round "2"]
[White "Lazic, Emanuel"]
[Black "Strand, Vetle Bjorge"]
[Result "1/2-1/2"]
[WhiteElo "2098"]
[BlackElo "1933"]
[PlyCount "108"]
[EventDate "2022.09.06"]
[EventType "swiss"]
[EventRounds "11"]
[EventCountry "ROU"]
[SourceTitle "CBM 210 Extra"]
[Source "ChessBase"]
[SourceDate "2022.11.30"]
[SourceVersion "1"]
[SourceVersionDate "2022.11.30"]
[SourceQuality "1"]

1. e4 c6 2. d4 d5 3. e5 c5 4. dxc5 e6 5. a3 Bxc5 6. Nf3 Nc6 7. b4 Bb6 8. Bb2 Nge7 9. Bd3 Ng6 10. 0-0 0-0 11. g3 f6 12. exf6 gxf6 13. Qd2 e5 14. Bxg6 hxg6 15. Qh6 Qe8 16. b5 Ne7 17. Nxe5 fxe5 18. Bxe5 Nf5 19. Qh8+ Kf7 20. Qh7+ Ke6 21. Bf4 Qf7 22. Re1+ Kd7 23. Qh3 Kd8 24. Nc3 Bxf2+ 25. Kxf2 g5 26. Nxd5 Qxd5 27. Rad1 Nd4 28. Qg2 Qxg2+ 29. Kxg2 gxf4 30. Rxd4+ Kc7 31. Rf1 Bd7 32. Rdxf4 Rxf4 33. Rxf4 Bxb5 34. g4 Rd8 35. a4 Bc6+ 36. Kg3 Rd2 37. h4 Rg2+ 38. Kh3 Rxc2 39. h5 Rc1 40. Kh4 Kd6 41. Kg5 Ke5 42. h6 Rh1 43. a5 Be4 44. Rf7 a6 45. Re7+ Kd4 46. Re6 Rg1 47. Rb6 Ke5 48. Rb3 Rh1 49. Rc3 Kd4 50. Rc7 Ke5 51. Re7+ Kd4 52. Kf4 Rf1+ 53. Kg5 Rh1 54. Re8 Kd5 1/2-1/2

[Event "Bodensee op"]
[Site "Bregenz"]
[Date "2022.05.23"]
[Round "3"]
[White "Lazic, Emanuel"]
[Black "Schlosser, Philipp"]
[Result "0-1"]
[WhiteElo "2185"]
[BlackElo "2498"]
[PlyCount "72"]
[EventDate "2022.05.21"]
[EventType "swiss"]
[EventRounds "9"]
[EventCountry "AUT"]
[SourceTitle "CBM 208 Extra"]
[Source "ChessBase"]
[SourceDate "2022.07.31"]
[SourceVersion "1"]
[SourceVersionDate "2022.07.31"]
[SourceQuality "1"]

1. e4 e6 2. d4 d5 3. e5 c5 4. c3 Nc6 5. Nf3 Bd7 6. Be2 Nge7 7. Na3 cxd4 8. cxd4 f6 9. Nb5 Ng6 10. exf6 gxf6 11. h4 a6 12. h5 Bb4+ 13. Nc3 Nge7 14. a3 Bd6 15. 0-0 Rc8 16. Nh4 0-0 17. Bh6 Rf7 18. Bd3 e5 19. dxe5 fxe5 20. Nxd5 Nxd5 21. Bxh7+ Kxh7 22. Qd3+ Kh8 23. Qxd5 Qf6 24. Ng6+ Kh7 25. Bg5 Qe6 26. Qe4 Qf5 27. Qd5 Bb8 28. Nh4 Be6 29. Qd2 Qg4 30. Rae1 Rg8 31. Qd3+ Rf5 32. Nxf5 Bxf5 33. Qb3 Nd4 34. Qxb7+ Rg7 35. Qxb8 Nf3+ 36. Kh1 Qxh5+ 0-1

[Event "Paracin op 01"]
[Site "Paracin"]
[Date "2022.01.21"]
[Round "7"]
[White "Lazic, Emanuel"]
[Black "Cvetanovic, Uros"]
[Result "0-1"]
[WhiteElo "1966"]
[BlackElo "2248"]
[PlyCount "88"]
[EventDate "2022.01.17"]
[EventType "swiss"]
[EventRounds "9"]
[EventCountry "SRB"]
[SourceTitle "CBM 206 Extra"]
[Source "ChessBase"]
[SourceDate "2022.03.31"]
[SourceVersion "1"]
[SourceVersionDate "2022.03.31"]
[SourceQuality "1"]

1. e4 c5 2. Nf3 d6 3. d4 cxd4 4. Nxd4 Nf6 5. Nc3 a6 6. Be3 e5 7. Nb3 Be6 8. f3 Be7 9. Qd2 0-0 10. 0-0-0 a5 11. a4 Nc6 12. Kb1 Nb4 13. Bb5 d5 14. exd5 Nfxd5 15. Nxd5 Bxd5 16. c4 Be6 17. Qxd8 Bf5+ 18. Ka1 Rfxd8 19. Rxd8+ Rxd8 20. Bb6 Rd3 21. Bc5 Bd8 22. Bxb4 axb4 23. Ka2 Re3 24. Rd1 Be7 25. Nc1 Bc2 26. Rf1 b3+ 27. Ka1 Bc5 28. a5 Bb4 29. a6 bxa6 30. Bxa6 e4 31. f4 Bc5 32. Bb5 Kf8 33. Bd7 Bd3 34. Rd1 Bxc4 35. Ba4 g6 36. Kb1 Kg7 37. g3 h6 38. Rh1 g5 39. fxg5 hxg5 40. g4 Kf6 41. h3 Ke5 42. h4 gxh4 43. Rxh4 Re1 44. Rh3 Bd3+ 0-1

[Event "Bosnjaci op 26th"]
[Site "Bosnjaci"]
[Date "2022.01.04"]
[Round "2"]
[White "Sipic, Hrvoje"]
[Black "Lazic, Emanuel"]
[Result "1-0"]
[WhiteElo "2221"]
[BlackElo "1966"]
[PlyCount "63"]
[EventDate "2022.01.03"]
[EventType "swiss"]
[EventRounds "9"]
[EventCountry "CRO"]
[SourceTitle "EXT 2023"]
[Source "ChessBase"]
[SourceDate "2022.10.05"]
[SourceVersion "1"]
[SourceVersionDate "2022.10.05"]
[SourceQuality "1"]

1. d4 Nf6 2. Nf3 c5 3. c3 d5 4. Bf4 e6 5. e3 Be7 6. h3 b6 7. Nbd2 0-0 8. Bd3 Bb7 9. 0-0 Nh5 10. Bh2 g6 11. Qe2 Bd6 12. Ne5 Ng7 13. f4 Qc7 14. Ndf3 f6 15. Ng4 c4 16. Bc2 Nd7 17. Qe1 Rae8 18. Nh6+ Kh8 19. g4 f5 20. Qh4 Be7 21. Ng5 Bxg5 22. fxg5 Qc6 23. Qg3 Rc8 24. Rf2 Ne8 25. Raf1 Qc7 26. Qh4 Qc6 27. gxf5 exf5 28. Nxf5 gxf5 29. Rxf5 Rg8 30. Rf7 Rxg5+ 31. Qxg5 Nef6 32. Qg7# 1-0

[Event "Bosnjaci op 25th"]
[Site "Bosnjaci"]
[Date "2020.01.03"]
[Round "1"]
[White "Zufic, Miroslav"]
[Black "Lazic, Emanuel"]
[Result "1-0"]
[WhiteElo "2375"]
[BlackElo "1864"]
[PlyCount "121"]
[EventDate "2020.01.03"]
[EventType "swiss"]
[EventRounds "9"]
[EventCountry "CRO"]
[SourceTitle "CBM 194 Extra"]
[Source "ChessBase"]
[SourceDate "2020.03.31"]
[SourceVersion "1"]
[SourceVersionDate "2020.03.31"]
[SourceQuality "1"]

1. e4 c5 2. Nf3 e6 3. d4 cxd4 4. Nxd4 a6 5. Nc3 Qc7 6. Bd3 Nf6 7. 0-0 d6 8. Qe2 Be7 9. Kh1 0-0 10. f4 Nc6 11. Nxc6 Qxc6 12. a4 d5 13. e5 Ne8 14. Be3 b6 15. Qh5 g6 16. Qh6 f5 17. exf6 Bxf6 18. Ne2 Bxb2 19. Rab1 Bg7 20. Qh4 Rb8 21. a5 b5 22. Bd4 Bxd4 23. Nxd4 Qc3 24. Nf3 Nd6 25. Rbe1 Nf7 26. Qg3 Qg7 27. f5 e5 28. f6 Qxf6 29. Nxe5 Qd6 30. h4 Bb7 31. h5 Nxe5 32. Rxf8+ Rxf8 33. Rxe5 Rf6 34. Kh2 Kf7 35. hxg6+ hxg6 36. Rg5 Qxg3+ 37. Kxg3 d4 38. Rg4 Rd6 39. Kf4 Bc8 40. Ke5 Re6+ 41. Kxd4 Bb7 42. g3 Rd6+ 43. Kc5 Rc6+ 44. Kb4 Bc8 45. Rg5 Bd7 46. Rc5 Rd6 47. Rc7 Ke7 48. Kc5 Re6 49. Ra7 Rc6+ 50. Kd4 Rd6+ 51. Ke5 Re6+ 52. Kf4 Kd8 53. Kg5 Be8 54. g4 Rd6 55. Rg7 Rd5+ 56. Kf6 Rd4 57. g5 Rd6+ 58. Ke5 Rc6 59. Kd5 Kc8 60. Rg8 Kd8 61. Rxe8+ 1-0

[Event "Lukavac op 8th"]
[Site "Lukavac"]
[Date "2019.11.25"]
[Round "6"]
[White "Lazic, Emanuel"]
[Black "Lapo, Safet"]
[Result "1-0"]
[WhiteElo "1549"]
[BlackElo "1760"]
[PlyCount "79"]
[EventDate "2019.11.22"]
[EventType "swiss"]
[EventRounds "7"]
[EventCountry "BIH"]
[SourceTitle "CBM 193 Extra"]
[Source "ChessBase"]
[SourceDate "2020.01.31"]
[SourceVersion "1"]
[SourceVersionDate "2020.01.31"]
[SourceQuality "1"]

1. e4 d5 2. Nc3 dxe4 3. Nxe4 Nf6 4. Nxf6+ exf6 5. g3 Bd6 6. Bg2 0-0 7. Ne2 c6 8. 0-0 Bg4 9. d4 Qc7 10. f3 Be6 11. Nf4 Bf5 12. c3 Re8 13. Bd2 Nd7 14. Qb3 g5 15. Nh3 Re2 16. Rf2 Rae8 17. Bf1 Rxf2 18. Kxf2 h5 19. Kg2 h4 20. Be1 Rxe1 21. Rxe1 hxg3 22. hxg3 Bxg3 23. Re8+ Kg7 24. Re7 Bg6 25. Qe6 Bh2 26. Rxd7 Qg3+ 27. Kh1 Qxf3+ 28. Kxh2 Qxf1 29. Rxb7 Qf3 30. Qe1 Be4 31. Qg1 g4 32. Nf2 Qf4+ 33. Qg3 Qh6+ 34. Nh3 Qd2+ 35. Qf2 Qc1 36. Ng1 Qh6+ 37. Kg3 f5 38. Qf4 Qh1 39. Qg5+ Kh8 40. Rb8+ 1-0

[Event "Lukavac op 8th"]
[Site "Lukavac"]
[Date "2019.11.22"]
[Round "1"]
[White "Barisic, Predrag"]
[Black "Lazic, Emanuel"]
[Result "1-0"]
[WhiteElo "2045"]
[BlackElo "1549"]
[PlyCount "63"]
[EventDate "2019.11.22"]
[EventType "swiss"]
[EventRounds "7"]
[EventCountry "BIH"]
[SourceTitle "CBM 193 Extra"]
[Source "ChessBase"]
[SourceDate "2020.01.31"]
[SourceVersion "1"]
[SourceVersionDate "2020.01.31"]
[SourceQuality "1"]

1. d4 Nf6 2. Nf3 c5 3. d5 g6 4. c4 b5 5. cxb5 a6 6. b6 d6 7. Nc3 Nbd7 8. e4 Bg7 9. Bd3 Nxb6 10. 0-0 0-0 11. h3 Qc7 12. Bf4 Re8 13. Re1 Bd7 14. a4 c4 15. Bf1 Reb8 16. e5 Ne8 17. Qd2 Qc5 18. Re4 Qb4 19. a5 Nc8 20. e6 fxe6 21. dxe6 Bb5 22. Bh6 Nf6 23. Bxg7 Kxg7 24. Rh4 Ng8 25. Qd4+ Nf6 26. Ng5 h6 27. Nge4 Na7 28. Nxf6 exf6 29. Nd5 Qc5 30. Qxf6+ Kh7 31. Qf7+ Kh8 32. Rxh6# 1-0

[Event "Malinska Krk op"]
[Site "Malinska"]
[Date "2019.11.02"]
[Round "3"]
[White "Sajn, Simon"]
[Black "Lazic, Emanuel"]
[Result "1-0"]
[WhiteElo "2090"]
[BlackElo "1549"]
[PlyCount "137"]
[EventDate "2019.10.30"]
[EventType "swiss"]
[EventRounds "5"]
[EventCountry "CRO"]
[SourceTitle "CBM 192 Extra"]
[Source "Chessbase"]
[SourceDate "2019.11.06"]
[SourceVersion "1"]
[SourceVersionDate "2019.11.06"]
[SourceQuality "1"]

1. d4 Nf6 2. c4 c5 3. e3 cxd4 4. exd4 d5 5. Nf3 dxc4 6. Bxc4 e6 7. 0-0 Be7 8. Nc3 0-0 9. d5 exd5 10. Nxd5 Nxd5 11. Bxd5 Nc6 12. Bf4 Bf6 13. Bd6 Be7 14. Bxe7 Nxe7 15. Be4 Qxd1 16. Rfxd1 Rb8 17. Rac1 f5 18. Bd3 Nc6 19. Bc4+ Kh8 20. h3 a6 21. Rd6 Rd8 22. Rcd1 Re8 23. a3 g6 24. b4 Na7 25. Rd8 Rxd8 26. Rxd8+ Kg7 27. Nd4 b5 28. Be6 Kf6 29. f4 Ra8 30. Bd5 Rb8 31. Rh8 Kg7 32. Rg8+ Kf6 33. Rf8+ Ke7 34. Rf7+ Kd6 35. Bf3 Bd7 36. Rxh7 Rc8 37. Rg7 Rc4 38. Rxg6+ Ke7 39. Nxf5+ Bxf5 40. Rg7+ Kf8 41. Rxa7 Rxf4 42. Rxa6 Bxh3 43. Rb6 Bd7 44. Bc6 Bxc6 45. Rxc6 Rd4 46. Rc5 Rd3 47. Rxb5 Rxa3 48. Kh2 Rb3 49. g3 Rb1 50. Kh3 Kg7 51. Kg4 Rg1 52. Rb6 Kg8 53. Rb7 Kh8 54. Kf4 Rf1+ 55. Kg5 Rd1 56. g4 Rd5+ 57. Kh4 Rd1 58. Kh5 Rd5+ 59. g5 Rd6 60. g6 Rd1 61. b5 Rh1+ 62. Kg5 Rg1+ 63. Kf6 Rf1+ 64. Ke5 Rg1 65. g7+ Kg8 66. Kd6 Rg6+ 67. Kc5 Kh7 68. Rc7 Kg8 69. b6 1-0